[Event "SweCh Jun"]
[Site "Umeå, Sweden"]
[Date "2003.06.29"]
[Round "1"]
[White "Andersson, Fredrik"]
[Black "Janse, Love"]
[Result "1-0"]
[WhiteElo "2282"]
[BlackElo "2082"]
[PlyCount "77"]
[EventDate "2003.06.29"]
[SourceDate "2003.06.29"]

1. e4 g6 2. d4 d6 3. Nc3 c6 4. Nf3 Bg7 5. a4 Nf6 6. h3 Nbd7 7. Be3 e5 8. dxe5
dxe5 9. a5 Qe7 10. Qd3 O-O 11. Qc4 a6 12. Be2 Nh5 13. g3 Re8 14. Na4 Bf8 15. c3
Ng7 16. Qb3 Ne6 17. Bc4 Qf6 18. Be2 Nec5 19. Qc4 Nxa4 20. Rxa4 Bd6 21. Ra1 Qe7
22. Rd1 Bc5 23. Rxd7 Bxd7 24. Qxc5 Qxc5 25. Bxc5 f6 26. Nd2 Be6 27. Bb6 f5 28.
Bc4 Bxc4 29. Nxc4 Re6 30. Ke2 Rae8 31. Rd1 f4 32. Rd7 R8e7 33. Rxe7 Rxe7 34.
Bc5 fxg3 35. fxg3 Re6 36. Bd6 Kf7 37. Bxe5 g5 38. Kf3 Kg6 39. Bd4 1-0

[Event "SweCh Jun"]
[Site "Umeå, Sweden"]
[Date "2003.06.29"]
[Round "1"]
[White "Frisk, Markus"]
[Black "Åsberg, Anders"]
[Result "1-0"]
[WhiteElo "1898"]
[BlackElo "2097"]
[PlyCount "87"]
[EventDate "2003.06.29"]
[SourceDate "2003.06.29"]

1. d4 Nf6 2. c4 c5 3. d5 b5 4. cxb5 a6 5. bxa6 Bxa6 6. Nc3 g6 7. e4 Bxf1 8.
Kxf1 d6 9. g3 Bg7 10. Kg2 Nbd7 11. Nf3 O-O 12. Re1 Nb6 13. Re2 Ra7 14. Qc2 Qa8
15. Rb1 Nfd7 16. b3 Rc8 17. Be3 Ra6 18. Nd1 h6 19. h3 Rc7 20. b4 c4 21. Nc3
Bxc3 22. Qxc3 Ra3 23. Qc2 Na4 24. Bd4 c3 25. Qc1 Nab6 26. Qxh6 Nf6 27. Bxb6 c2
28. Rc1 Rcc3 29. Rexc2 Rxc2 30. Rxc2 Nxe4 31. Rc4 Rxf3 32. Kxf3 Nf6 33. Qd2
Nxd5 34. Rc8+ Qxc8 35. Qxd5 Qc3+ 36. Kg2 Qxb4 37. Qa8+ Kg7 38. Be3 e6 39. a4 d5
40. a5 Qe4+ 41. Kh2 e5 42. a6 Qd3 43. a7 e4 44. Qb8 1-0

[Event "SweCh Jun"]
[Site "Umeå, Sweden"]
[Date "2003.06.29"]
[Round "1"]
[White "Nilsson, Sebastian"]
[Black "Attaran, Sina"]
[Result "1-0"]
[WhiteElo "2198"]
[BlackElo "1909"]
[PlyCount "35"]
[EventDate "2003.06.29"]
[SourceDate "2003.06.29"]

1. e4 e5 2. f4 d5 3. exd5 exf4 4. Nf3 Qxd5 5. Nc3 Qe6+ 6. Be2 Nf6 7. O-O Bd6 8.
Bb5+ Kd8 9. Ng5 Qe7 10. Re1 Be6 11. Bc4 Bg4 12. Rxe7 Bxd1 13. Rxf7 Bh5 14. Rxg7
Bg6 15. Rxg6 hxg6 16. Nf7+ Ke7 17. Nxh8 g5 18. Nf7 1-0

[Event "SweCh Jun"]
[Site "Umeå, Sweden"]
[Date "2003.06.29"]
[Round "1"]
[White "Andersson Fraenkel, Mikael"]
[Black "Thurn, Magnus"]
[Result "1-0"]
[WhiteElo "2074"]
[BlackElo "2122"]
[PlyCount "61"]
[EventDate "2003.06.29"]
[SourceDate "2003.06.29"]

1. e4 e6 2. d4 d5 3. Nc3 dxe4 4. Nxe4 Bd7 5. Nf3 Bc6 6. Bd3 Nd7 7. O-O Ngf6 8.
Ng3 Be7 9. Qe2 O-O 10. b3 Bxf3 11. Qxf3 c6 12. Bb2 a5 13. a3 Qc7 14. c4 Rad8
15. Rfe1 Rfe8 16. Rad1 Bd6 17. h3 Kh8 18. Bb1 b5 19. Ne4 bxc4 20. bxc4 Rb8 21.
Re2 Be7 22. Ng5 Rf8 23. Qd3 h6 24. Nh7 Rfd8 25. d5 Nc5 26. Qf3 Rb3 27. Bc3 Nxh7
28. Bc2 Ng5 29. Qe3 Rbb8 30. h4 Nh7 31. Qxh6 1-0

[Event "SweCh Jun"]
[Site "Umeå, Sweden"]
[Date "2003.06.29"]
[Round "1"]
[White "Revelj, Oskar"]
[Black "Gustafsson, Stefan"]
[Result "1/2-1/2"]
[WhiteElo "2148"]
[BlackElo "1888"]
[PlyCount "64"]
[EventDate "2003.06.29"]
[SourceDate "2003.06.29"]

1. d4 Nf6 2. Nf3 g6 3. c4 Bg7 4. Nc3 d6 5. e4 O-O 6. Be2 e5 7. dxe5 dxe5 8.
Qxd8 Rxd8 9. Bg5 Re8 10. Nd5 Nxd5 11. cxd5 c6 12. Bc4 a5 13. a3 cxd5 14. Bxd5
Be6 15. O-O-O Nc6 16. Kb1 Nd4 17. Bxe6 Rxe6 18. Nxd4 exd4 19. f3 b5 20. Rd3 f5
21. exf5 gxf5 22. Rd2 b4 23. Ka2 Rb8 24. Bf4 Rb7 25. Rc1 b3+ 26. Kb1 a4 27.
Rcd1 Rbe7 28. Bg3 Kf7 29. Bh4 Re8 30. Bf2 Rd8 31. g3 Red6 32. Rc1 d3 1/2-1/2

[Event "SweCh Jun"]
[Site "Umeå, Sweden"]
[Date "2003.06.29"]
[Round "1"]
[White "Semcesen, Daniel"]
[Black "Norberg, Johan"]
[Result "1/2-1/2"]
[WhiteElo "2333"]
[BlackElo "2245"]
[PlyCount "54"]
[EventDate "2003.06.29"]
[SourceDate "2003.06.29"]

1. e4 g6 2. Nf3 Bg7 3. d3 d6 4. g3 e5 5. Bg2 Nf6 6. O-O O-O 7. c3 c6 8. b4 Qc7
9. Bb2 a5 10. Nbd2 Re8 11. Re1 b5 12. a3 Nbd7 13. Qc2 d5 14. d4 Nxe4 15. Nxe4
dxe4 16. Rxe4 Nb6 17. Ree1 Bf5 18. Qb3 a4 19. Qd1 Nc4 20. Bc1 Rad8 21. Bg5 Rd7
22. Qc1 f6 23. Be3 Nxe3 24. Qxe3 Ree7 25. Qe2 Bg4 26. dxe5 fxe5 27. h3 Be6
1/2-1/2

[Event "SweCh Jun"]
[Site "Umeå, Sweden"]
[Date "2003.06.30"]
[Round "2"]
[White "Wallin, Dennis"]
[Black "Nilsson, Sebastian"]
[Result "1/2-1/2"]
[WhiteElo "2101"]
[BlackElo "2111"]
[PlyCount "37"]
[EventDate "2003.06.29"]
[SourceDate "2003.06.29"]

1. d4 Nf6 2. Nf3 c5 3. e3 e6 4. Bd3 d5 5. b3 Nc6 6. Bb2 Be7 7. Nbd2 Bd7 8. a3
a6 9. Ne5 b6 10. Nxd7 Nxd7 11. a4 c4 12. Be2 O-O 13. O-O f5 14. c3 Bd6 15. f4
Qe7 16. Qc1 Nf6 17. Ba3 Rfc8 18. Bxd6 Qxd6 19. b4 1/2-1/2

[Event "SweCh Jun"]
[Site "Umeå, Sweden"]
[Date "2003.06.30"]
[Round "2"]
[White "Gustafsson, Stefan"]
[Black "Åsberg, Anders"]
[Result "0-1"]
[WhiteElo "1888"]
[BlackElo "2097"]
[PlyCount "88"]
[EventDate "2003.06.29"]
[SourceDate "2003.06.29"]

1. e4 c5 2. Nc3 Nc6 3. g3 e6 4. Bg2 Nf6 5. d3 d5 6. Bg5 d4 7. Nce2 Be7 8. Bxf6
Bxf6 9. f4 e5 10. Nf3 Qa5+ 11. Nd2 b5 12. O-O O-O 13. Nf3 Qb6 14. Kh1 Bb7 15.
f5 h6 16. g4 c4 17. h4 Qd8 18. Qe1 g5 19. hxg5 Bxg5 20. Nxg5 Qxg5 21. Qg3 f6
22. Ng1 Nb4 23. Nf3 Qg7 24. Ne1 cxd3 25. cxd3 Rac8 26. Rf2 a5 27. Bf3 Qg5 28.
Bd1 a4 29. Nc2 Nxc2 30. Bxc2 Rc7 31. Raf1 Rfc8 32. Bd1 Bc6 33. Kg2 b4 34. b3 a3
35. Rh1 Bb5 36. Rh5 Qg7 37. g5 hxg5 38. Qh3 Rc1 39. Rf1 g4 40. Qg3 R8c3 41.
Rfh1 Rxd3 42. Rh8+ Kf7 43. Qf2 Rcxd1 44. Rxd1 Qxh8 0-1

[Event "SweCh Jun"]
[Site "Umeå, Sweden"]
[Date "2003.06.30"]
[Round "2"]
[White "Attaran, Sina"]
[Black "Semcesen, Daniel"]
[Result "1/2-1/2"]
[WhiteElo "1909"]
[BlackElo "2333"]
[PlyCount "47"]
[EventDate "2003.06.29"]
[SourceDate "2003.06.29"]

1. d4 Nf6 2. Nf3 c5 3. c3 e6 4. e3 b6 5. Be2 Bb7 6. O-O Be7 7. Nbd2 O-O 8. b3
d5 9. Bb2 Nc6 10. Ne5 Ne4 11. Nxe4 dxe4 12. Nxc6 Bxc6 13. f3 Qc7 14. fxe4 Bxe4
15. Bf3 Bxf3 16. Qxf3 Rac8 17. Rac1 b5 18. c4 bxc4 19. Rxc4 Qa5 20. Ra4 Qc7 21.
Rc1 Qd7 22. Rac4 cxd4 23. Bxd4 f6 24. Qe2 1/2-1/2

[Event "SweCh Jun"]
[Site "Umeå, Sweden"]
[Date "2003.06.30"]
[Round "2"]
[White "Janse, Love"]
[Black "Andersson Fraenkel, Mikael"]
[Result "1/2-1/2"]
[WhiteElo "2082"]
[BlackElo "2074"]
[PlyCount "79"]
[EventDate "2003.06.29"]
[SourceDate "2003.06.29"]

1. e4 c5 2. f4 Nc6 3. Nf3 g6 4. Bb5 Qc7 5. d3 Bg7 6. Nc3 e6 7. e5 f5 8. Bxc6
Qxc6 9. O-O b6 10. a4 a6 11. Nd2 Bb7 12. Qe2 Ne7 13. Nc4 Nc8 14. Be3 d5 15.
exd6 Nxd6 16. Nxd6+ Qxd6 17. Qf2 Rc8 18. Rfd1 e5 19. Ne2 O-O 20. c3 Rfd8 21.
fxe5 Bxe5 22. Bf4 Re8 23. Bxe5 Qxe5 24. Re1 Qd6 25. d4 a5 26. dxc5 bxc5 27. c4
Re4 28. Nc3 Rxc4 29. Rad1 Qf6 30. Rd7 Bc6 31. Ra7 Rd4 32. Rxa5 Rcd8 33. Rxc5
Rd2 34. Re2 Rd1+ 35. Re1 R1d2 36. Re2 Rd1+ 37. Nxd1 Rxd1+ 38. Re1 Rxe1+ 39.
Qxe1 Qd4+ 40. Qf2 1/2-1/2

[Event "SweCh Jun"]
[Site "Umeå, Sweden"]
[Date "2003.06.30"]
[Round "2"]
[White "Norberg, Johan"]
[Black "Frisk, Markus"]
[Result "1-0"]
[WhiteElo "2245"]
[BlackElo "1898"]
[PlyCount "89"]
[EventDate "2003.06.29"]
[SourceDate "2003.06.29"]

1. e4 c5 2. Nf3 d6 3. c3 Nf6 4. h3 e6 5. Bd3 Be7 6. O-O O-O 7. Bc2 Qc7 8. d4 b6
9. Bf4 Bb7 10. Re1 Rd8 11. Na3 e5 12. Bh2 Nc6 13. d5 Nb8 14. Nb5 Qc8 15. c4 a6
16. Nc3 Nbd7 17. Kh1 Nf8 18. a4 Qc7 19. Ne2 Bc8 20. Qd3 Bd7 21. Nd2 Ng6 22. f4
exf4 23. Nxf4 Ne5 24. Qc3 b5 25. Nd3 Nxc4 26. Nxc4 bxc4 27. Qxc4 Ne8 28. Rad1
Rdc8 29. Re2 Ra7 30. Rf1 Qb6 31. e5 dxe5 32. Nxe5 Bf6 33. d6 Be6 34. Qd3 Nxd6
35. Ng4 Ne8 36. Nxf6+ gxf6 37. Qxh7+ Kf8 38. Bf5 Rc6 39. a5 Qb3 40. Rfe1 Nc7
41. Rd2 Ne8 42. Be4 Rc8 43. Bd5 Qb4 44. Rde2 Bxd5 45. Qh8# 1-0

[Event "SweCh Jun"]
[Site "Umeå, Sweden"]
[Date "2003.06.30"]
[Round "2"]
[White "Thurn, Magnus"]
[Black "Ong, Kezli"]
[Result "1/2-1/2"]
[WhiteElo "2122"]
[BlackElo "2241"]
[PlyCount "61"]
[EventDate "2003.06.29"]
[SourceDate "2003.06.29"]

1. e4 e5 2. Nc3 Nf6 3. Bc4 Nc6 4. d3 Bb4 5. Nf3 d5 6. exd5 Nxd5 7. O-O Bxc3 8.
bxc3 O-O 9. Ng5 h6 10. Qf3 Nce7 11. Ne4 f5 12. Ng3 Kh8 13. Re1 f4 14. Nf1 Nb6
15. Rxe5 Ng6 16. Re1 Qg5 17. Ng3 Bg4 18. Qxb7 Nxc4 19. dxc4 fxg3 20. hxg3 Qf6
21. f3 Qxc3 22. Bb2 Qxc4 23. Re4 Qf7 24. Rxg4 Rab8 25. Qe4 Rxb2 26. Qxg6 Qxg6
27. Rxg6 Rxc2 28. Rd1 Re8 29. Rd7 Ree2 30. Rgxg7 Rxg2+ 31. Kh1 1/2-1/2

[Event "SweCh Jun"]
[Site "Umeå, Sweden"]
[Date "2003.06.30"]
[Round "2"]
[White "Revelj, Oskar"]
[Black "Andersson, Fredrik"]
[Result "1/2-1/2"]
[WhiteElo "2148"]
[BlackElo "2282"]
[PlyCount "78"]
[EventDate "2003.06.29"]
[SourceDate "2003.06.29"]

1. d4 d5 2. c4 c6 3. Nc3 Nf6 4. e3 e6 5. Nf3 Nbd7 6. Bd3 dxc4 7. Bxc4 b5 8. Be2
Bb7 9. O-O Be7 10. e4 b4 11. e5 bxc3 12. exf6 Bxf6 13. bxc3 O-O 14. Rb1 Qc8 15.
Ba3 Re8 16. Nd2 Ba6 17. Ne4 Bxe2 18. Qxe2 Be7 19. Nd6 Bxd6 20. Bxd6 Nb6 21. Rb3
Rd8 22. Bc5 Qc7 23. Rfb1 Rdb8 24. Qa6 h6 25. g3 e5 26. Re1 exd4 27. cxd4 Nd5
28. Reb1 Rxb3 29. Rxb3 Re8 30. Qb7 Qa5 31. Rf3 Qe1+ 32. Kg2 Qe6 33. Qxa7 g5 34.
h3 h5 35. Qa6 g4 36. hxg4 hxg4 37. Ra3 Qe4+ 38. Kg1 Qe1+ 39. Qf1 Qe4 1/2-1/2

[Event "SweCh Jun"]
[Site "Umeå, Sweden"]
[Date "2003.07.01"]
[Round "3"]
[White "Nilsson, Sebastian"]
[Black "Thurn, Magnus"]
[Result "1/2-1/2"]
[WhiteElo "2198"]
[BlackElo "2122"]
[PlyCount "46"]
[EventDate "2003.06.29"]
[SourceDate "2003.06.29"]

1. e4 e6 2. d4 d5 3. Nc3 dxe4 4. Nxe4 Bd7 5. Nf3 Bc6 6. Bd3 Nd7 7. Qe2 Ngf6 8.
Neg5 Bxf3 9. Nxf3 Be7 10. O-O O-O 11. b3 a5 12. c4 a4 13. Bb2 c5 14. Rad1 axb3
15. axb3 cxd4 16. Nxd4 Qb6 17. Bc2 Ra2 18. Bb1 Raa8 19. Rd3 Rfd8 20. Rfd1 Nf8
21. Nf3 Rxd3 22. Rxd3 Ng6 23. g3 Qc5 1/2-1/2

[Event "SweCh Jun"]
[Site "Umeå, Sweden"]
[Date "2003.07.01"]
[Round "3"]
[White "Andersson, Fredrik"]
[Black "Gustafsson, Stefan"]
[Result "1-0"]
[WhiteElo "2282"]
[BlackElo "1888"]
[PlyCount "85"]
[EventDate "2003.06.29"]
[SourceDate "2003.06.29"]

1. e4 e6 2. d4 d5 3. Nc3 Bb4 4. e5 c5 5. a3 Bxc3+ 6. bxc3 Qc7 7. Qg4 f5 8. Qh5+
g6 9. Qd1 Bd7 10. Nf3 cxd4 11. cxd4 Ba4 12. Bd2 Nc6 13. Bd3 Nge7 14. Qc1 Rc8
15. Rb1 Nd8 16. Rb2 Nf7 17. O-O O-O 18. h4 Nc6 19. g3 Rfe8 20. h5 b6 21. Kg2
Kg7 22. Rh1 Rh8 23. Rh4 Qe7 24. Ng5 Qd7 25. Qh1 Qe7 26. Nxf7 Qxf7 27. Bg5 Kf8
28. hxg6 Qxg6 29. Bf6 Rg8 30. Rh6 Qg4 31. Rxh7 Qg6 32. Qh4 Nxd4 33. Qxd4 Qxh7
34. Qxa4 Rc7 35. Rb4 Rc5 36. Rh4 Qc7 37. Qf4 Ke8 38. Qh6 Qf7 39. a4 Kd7 40. Qh7
Qxh7 41. Rxh7+ Kc8 42. Rxa7 f4 43. Ra8+ 1-0

[Event "SweCh Jun"]
[Site "Umeå, Sweden"]
[Date "2003.07.01"]
[Round "3"]
[White "Åsberg, Anders"]
[Black "Norberg, Johan"]
[Result "0-1"]
[WhiteElo "2097"]
[BlackElo "2245"]
[PlyCount "92"]
[EventDate "2003.06.29"]
[SourceDate "2003.06.29"]

1. e4 g6 2. d4 Bg7 3. Nc3 c6 4. Be3 d5 5. f3 b5 6. Qd2 e6 7. h4 h5 8. O-O-O b4
9. Nce2 a5 10. Nh3 Nd7 11. Nf2 Ba6 12. g4 Nb6 13. Bg5 Nc4 14. Bxd8 Nxd2 15.
Rxd2 Kxd8 16. Kb1 Nf6 17. e5 Nd7 18. gxh5 gxh5 19. Nh3 c5 20. Ng5 Ke7 21. f4 f6
22. exf6+ Nxf6 23. dxc5 Ne4 24. Nxe4 dxe4 25. Nd4 e3 26. Nc6+ Kf6 27. Rd7 Bh6
28. Bxa6 Rxa6 29. Nd8 Bxf4 30. c6 Rxd8 31. Rxd8 Rxc6 32. Re1 Kf5 33. Re2 Kg4
34. Kc1 Kf3 35. Kd1 e5 36. Rg8 Rd6+ 37. Ke1 Rd5 38. c4 bxc3 39. bxc3 Rb5 40.
Kd1 Rb1+ 41. Kc2 Rh1 42. Rgg2 Rxh4 43. c4 Rg4 44. Rh2 Bxh2 45. Rxh2 Rg2+ 46.
Rxg2 Kxg2 0-1

[Event "SweCh Jun"]
[Site "Umeå, Sweden"]
[Date "2003.07.01"]
[Round "3"]
[White "Semcesen, Daniel"]
[Black "Wallin, Dennis"]
[Result "1-0"]
[WhiteElo "2333"]
[BlackElo "2259"]
[PlyCount "53"]
[EventDate "2003.06.29"]
[SourceDate "2003.06.29"]

1. e4 c5 2. Nf3 g6 3. g3 Bg7 4. Bg2 Nc6 5. d3 e6 6. O-O Nge7 7. Nbd2 d5 8. Re1
b6 9. c3 Bb7 10. h4 h6 11. exd5 Nxd5 12. a4 O-O 13. Nc4 Qc7 14. Qe2 a6 15. h5
g5 16. Nxg5 hxg5 17. Bxg5 Rfe8 18. h6 f6 19. Bd2 Bh8 20. Qg4+ Kf8 21. Rxe6 Rxe6
22. Qxe6 Nd8 23. Qf5 Ne7 24. Qh7 Nf7 25. Bxb7 Qxb7 26. Nd6 Nxd6 27. Qxh8+ 1-0

[Event "SweCh Jun"]
[Site "Umeå, Sweden"]
[Date "2003.07.01"]
[Round "3"]
[White "Andersson Fraenkel, Mikael"]
[Black "Revelj, Oskar"]
[Result "1/2-1/2"]
[WhiteElo "2074"]
[BlackElo "2148"]
[PlyCount "42"]
[EventDate "2003.06.29"]
[SourceDate "2003.06.29"]

1. e4 e5 2. Nc3 Nf6 3. Bc4 Bb4 4. d3 O-O 5. Bg5 h6 6. Bh4 Bxc3+ 7. bxc3 d6 8.
h3 Be6 9. Bb3 Nbd7 10. Nf3 Qe8 11. O-O a5 12. Qe2 a4 13. Bxe6 fxe6 14. d4 exd4
15. cxd4 Nh5 16. Bg3 Qg6 17. Kh2 Rf7 18. Nh4 Qg5 19. Nf3 Nxg3 20. fxg3 Qa5 21.
Rab1 b6 1/2-1/2

[Event "SweCh Jun"]
[Site "Umeå, Sweden"]
[Date "2003.07.01"]
[Round "3"]
[White "Ong, Kezli"]
[Black "Janse, Love"]
[Result "1-0"]
[WhiteElo "2241"]
[BlackElo "2082"]
[PlyCount "49"]
[EventDate "2003.06.29"]
[SourceDate "2003.06.29"]

1. e4 g6 2. d4 d6 3. Nc3 c6 4. Nge2 Bg7 5. g3 Nf6 6. Bg2 e5 7. O-O O-O 8. a4
Qc7 9. h3 Nbd7 10. Be3 Re8 11. Qd2 Nf8 12. Rae1 Ne6 13. g4 h6 14. dxe5 dxe5 15.
Bxh6 Rd8 16. Qc1 Bxh6 17. Qxh6 Qb6 18. b3 Nd4 19. Nxd4 exd4 20. Ne2 d3 21. cxd3
Nh7 22. Nf4 Qxb3 23. e5 Nf8 24. Nh5 gxh5 25. Qg5+ 1-0

[Event "SweCh Jun"]
[Site "Umeå, Sweden"]
[Date "2003.07.01"]
[Round "3"]
[White "Frisk, Markus"]
[Black "Attaran, Sina"]
[Result "1-0"]
[WhiteElo "1898"]
[BlackElo "1909"]
[PlyCount "69"]
[EventDate "2003.06.29"]
[SourceDate "2003.06.29"]

1. d4 Nf6 2. c4 e6 3. Nf3 b6 4. Bg5 Bb7 5. e3 Bb4+ 6. Nbd2 c5 7. dxc5 Bxc5 8.
Bd3 h6 9. Bh4 Nc6 10. a3 a5 11. O-O Rc8 12. Ne4 Be7 13. Bxf6 gxf6 14. Be2 Qc7
15. Nfd2 Rg8 16. Ng3 Ne5 17. Rc1 f5 18. Qb3 Ng4 19. Bf3 Bxf3 20. Nxf3 Bd6 21.
Rfd1 h5 22. Qd3 Ke7 23. Nd4 Ne5 24. Ndxf5+ exf5 25. Nxf5+ Ke6 26. Qxd6+ Kxf5
27. e4+ Kg4 28. Qf6 Rg5 29. f4 Rcg8 30. fxg5 Rxg5 31. Rc3 Qc5+ 32. Kh1 h4 33.
Qh6 Qf2 34. h3+ Kf4 35. Qf6+ 1-0

[Event "SweCh Jun"]
[Site "Umeå, Sweden"]
[Date "2003.07.02"]
[Round "4"]
[White "Wallin, Dennis"]
[Black "Frisk, Markus"]
[Result "1/2-1/2"]
[WhiteElo "2259"]
[BlackElo "1898"]
[PlyCount "35"]
[EventDate "2003.06.29"]
[SourceDate "2003.06.29"]

1. d4 d5 2. c4 c6 3. Nc3 e5 4. dxe5 d4 5. Ne4 Qa5+ 6. Nd2 Nd7 7. Ngf3 Nxe5 8.
Nxe5 Qxe5 9. Nf3 Bb4+ 10. Bd2 Qc5 11. Nxd4 Qxc4 12. e3 Bxd2+ 13. Qxd2 Qd5 14.
Be2 Qxg2 15. Bf3 Qg6 16. O-O-O Ne7 17. Rhg1 Qf6 18. Be4 1/2-1/2

[Event "SweCh Jun"]
[Site "Umeå, Sweden"]
[Date "2003.07.02"]
[Round "4"]
[White "Gustafsson, Stefan"]
[Black "Norberg, Johan"]
[Result "1/2-1/2"]
[WhiteElo "1888"]
[BlackElo "2245"]
[PlyCount "43"]
[EventDate "2003.06.29"]
[SourceDate "2003.06.29"]

1. e4 g6 2. d4 d6 3. h3 Bg7 4. Nf3 Nd7 5. c3 h6 6. Bd3 e5 7. Be3 Ngf6 8. d5 Qe7
9. Qc2 Nh5 10. g3 O-O 11. Nbd2 Nc5 12. Bxc5 dxc5 13. O-O-O a6 14. Kb1 b5 15. c4
Bd7 16. Nb3 b4 17. Qe2 f5 18. Nh4 Nf4 19. gxf4 Qxh4 20. Nxc5 fxe4 21. Bxe4 Bf5
22. Bxf5 1/2-1/2

[Event "SweCh Jun"]
[Site "Umeå, Sweden"]
[Date "2003.07.02"]
[Round "4"]
[White "Attaran, Sina"]
[Black "Åsberg, Anders"]
[Result "1/2-1/2"]
[WhiteElo "1909"]
[BlackElo "2097"]
[PlyCount "43"]
[EventDate "2003.06.29"]
[SourceDate "2003.06.29"]

1. d4 Nf6 2. Nf3 g6 3. e3 Bg7 4. b3 O-O 5. Nbd2 c5 6. c3 cxd4 7. cxd4 Qa5 8.
Bb2 b6 9. Be2 Nd5 10. O-O Nc3 11. Bxc3 Qxc3 12. Rc1 Qa5 13. Nc4 Qd5 14. Qd2 Qb7
15. Rc2 d6 16. Rfc1 Bf5 17. Bd3 Bxd3 18. Qxd3 Na6 19. a3 Rac8 20. b4 Rfd8 21.
Nb2 e5 22. Qd1 1/2-1/2

[Event "SweCh Jun"]
[Site "Umeå, Sweden"]
[Date "2003.07.02"]
[Round "4"]
[White "Andersson, Fredrik"]
[Black "Andersson Fraenkel, Mikael"]
[Result "1/2-1/2"]
[WhiteElo "2282"]
[BlackElo "2074"]
[PlyCount "46"]
[EventDate "2003.06.29"]
[SourceDate "2003.06.29"]

1. e4 c5 2. Nc3 Nc6 3. f4 g6 4. Nf3 Bg7 5. Bb5 Na5 6. Be2 d6 7. O-O a6 8. d3 b5
9. Qe1 Nf6 10. Qh4 Nc6 11. Nd1 a5 12. Ne3 a4 13. Bd2 b4 14. c4 e6 15. Rab1 O-O
16. g4 Ne7 17. Ng5 h6 18. Nf3 Nh7 19. g5 h5 20. Qg3 Re8 21. Nh4 Bd4 22. Kh1 Bb7
23. Bf3 Qd7 1/2-1/2

[Event "SweCh Jun"]
[Site "Umeå, Sweden"]
[Date "2003.07.02"]
[Round "4"]
[White "Janse, Love"]
[Black "Nilsson, Sebastian"]
[Result "1-0"]
[WhiteElo "2152"]
[BlackElo "2111"]
[PlyCount "95"]
[EventDate "2003.06.29"]
[SourceDate "2003.06.29"]

1. e4 e6 2. d3 d5 3. Nd2 c5 4. Ngf3 Nc6 5. g3 Bd6 6. Bg2 Nge7 7. O-O Qc7 8. c3
Bd7 9. Qe2 O-O 10. Ne1 b5 11. f4 f6 12. Nc2 a5 13. b3 b4 14. c4 d4 15. Bb2 Ra7
16. Rfb1 Ng6 17. Ne1 a4 18. Qd1 a3 19. Bc1 Be8 20. Qe2 h5 21. h4 Nd8 22. Bf3
Bxf4 23. gxf4 Nxf4 24. Qh2 e5 25. Nf1 Nde6 26. Ng3 g5 27. Bxf4 Nxf4 28. Rd1 Qh7
29. Ng2 g4 30. Be2 Nh3+ 31. Kf1 f5 32. exf5 Rxf5+ 33. Ke1 Bc6 34. Nxf5 Qxf5 35.
Kd2 Nf4 36. Nxf4 exf4 37. Rf1 Rf7 38. Rae1 g3 39. Qg1 g2 40. Bf3 Rg7 41. Bxc6
gxf1=Q 42. Qxf1 Rg3 43. Bf3 Qf6 44. Qe2 Kg7 45. Rf1 Kh6 46. Qe8 Qxh4 47. Rh1
Rh3 48. Qe6+ 1-0

[Event "SweCh Jun"]
[Site "Umeå, Sweden"]
[Date "2003.07.02"]
[Round "4"]
[White "Revelj, Oskar"]
[Black "Ong, Kezli"]
[Result "1-0"]
[WhiteElo "2075"]
[BlackElo "2184"]
[PlyCount "135"]
[EventDate "2003.06.29"]
[SourceDate "2003.06.29"]

1. d4 Nf6 2. Nf3 e6 3. c4 Bb4+ 4. Bd2 Qe7 5. g3 Nc6 6. Bg2 Bxd2+ 7. Nbxd2 d6 8.
O-O a5 9. a3 a4 10. Nb1 Bd7 11. Nc3 Na5 12. Nd2 Ra7 13. Rc1 O-O 14. Nb5 Raa8
15. Nxc7 Rac8 16. Nb5 Bxb5 17. cxb5 Rxc1 18. Qxc1 Qd7 19. Qc3 Qxb5 20. e3 Nc6
21. Rc1 Rc8 22. Bf1 Qh5 23. Qb4 Rf8 24. Qxb7 Nd8 25. Qb5 Qh6 26. Nf3 Nd5 27.
Re1 f5 28. Bc4 Nf6 29. Qxa4 g5 30. b4 d5 31. Bf1 f4 32. exf4 gxf4 33. Bg2 fxg3
34. hxg3 Ng4 35. Qb3 Nf7 36. Nh4 Qd2 37. Rf1 Qxd4 38. Qd1 Qxd1 39. Rxd1 Nd6 40.
Bh3 Nxf2 41. Bxe6+ Kh8 42. Rxd5 Nde4 43. Kg2 Ra8 44. Ra5 Re8 45. Bd5 Nd3 46.
Bxe4 Rxe4 47. Kf3 Re1 48. Ra7 Ra1 49. Nf5 h5 50. Ra5 Kh7 51. Ke3 Ne1 52. Kf4
Nc2 53. Kg5 Rxa3 54. Rxa3 Nxa3 55. Kxh5 Nb5 56. g4 Nc7 57. g5 Kg8 58. g6 Nd5
59. b5 Nf6+ 60. Kg5 Nd5 61. Kh6 Nf6 62. b6 Ng4+ 63. Kg5 Ne5 64. b7 Nd7 65. Kh6
Kf8 66. g7+ Kf7 67. Kh7 Nf6+ 68. Kh8 1-0

[Event "SweCh Jun"]
[Site "Umeå, Sweden"]
[Date "2003.07.02"]
[Round "4"]
[White "Thurn, Magnus"]
[Black "Semcesen, Daniel"]
[Result "1-0"]
[WhiteElo "2109"]
[BlackElo "2195"]
[PlyCount "145"]
[EventDate "2003.06.29"]
[SourceDate "2003.06.29"]

1. e4 c5 2. Nc3 Nc6 3. g3 g6 4. Bg2 Bg7 5. d3 d6 6. f4 e6 7. Nf3 Nge7 8. O-O
O-O 9. Be3 Nd4 10. Bf2 Nec6 11. Nxd4 Nxd4 12. e5 d5 13. b4 cxb4 14. Nxd5 Nf5
15. Ne3 Nxe3 16. Bxe3 Qc7 17. a3 bxa3 18. Rxa3 Bd7 19. Qa1 a6 20. Rb1 Bc6 21.
Rc3 Rfc8 22. Rb6 a5 23. Bxc6 bxc6 24. Qa4 Bf8 25. Rbxc6 Qd7 26. Qc4 Rxc6 27.
Qxc6 Qxc6 28. Rxc6 a4 29. Rb6 a3 30. Rb1 Be7 31. Kf2 Kf8 32. Bd4 Ke8 33. Ke3 a2
34. Ra1 Bb4 35. Bb2 Kd7 36. c3 Be7 37. Kd2 Kc6 38. Kc2 Kb5 39. Kb3 Rd8 40. Rxa2
Rxd3 41. Ra7 Bc5 42. Rxf7 h5 43. Rf6 Bg1 44. Rxe6 Bxh2 45. Rxg6 Bxg3 46. e6 Kc6
47. e7+ Kd7 48. Ba3 Bh4 49. Rh6 Bxe7 50. Bxe7 Kxe7 51. Rxh5 Rf3 52. Re5+ Kd6
53. Re4 Kc5 54. Rc4+ Kb5 55. Ra4 Kb6 56. Re4 Kc5 57. Kc2 Rf2+ 58. Kd3 Rf3+ 59.
Kd2 Kd5 60. Ra4 Kc6 61. Ra6+ Kd5 62. Rf6 Ke4 63. Kc2 Kd5 64. Kb3 Rf1 65. f5
Rb1+ 66. Kc2 Rf1 67. Rf8 Kc4 68. f6 Rf2+ 69. Kd1 Kd5 70. Ke1 Rc2 71. Re8 Rc1+
72. Ke2 Rc2+ 73. Kf3 1-0

[Event "SweCh Jun"]
[Site "Umeå, Sweden"]
[Date "2003.07.03"]
[Round "5"]
[White "Nilsson, Sebastian"]
[Black "Revelj, Oskar"]
[Result "1/2-1/2"]
[WhiteElo "2198"]
[BlackElo "2148"]
[PlyCount "38"]
[EventDate "2003.06.29"]
[SourceDate "2003.06.29"]

1. e4 Nf6 2. e5 Nd5 3. d4 d6 4. Nf3 dxe5 5. Nxe5 g6 6. Bc4 c6 7. Bb3 Bg7 8. c4
Nb6 9. Bf4 Be6 10. Na3 N8d7 11. O-O Nxe5 12. Bxe5 Bxe5 13. dxe5 Qxd1 14. Raxd1
Nd7 15. Rfe1 O-O-O 16. Bc2 g5 17. b3 h5 18. f3 Kc7 19. Nb1 Rdg8 1/2-1/2

[Event "SweCh Jun"]
[Site "Umeå, Sweden"]
[Date "2003.07.03"]
[Round "5"]
[White "Norberg, Johan"]
[Black "Attaran, Sina"]
[Result "1/2-1/2"]
[WhiteElo "2245"]
[BlackElo "1909"]
[PlyCount "55"]
[EventDate "2003.06.29"]
[SourceDate "2003.06.29"]

1. e4 c5 2. Nf3 e6 3. d4 cxd4 4. Nxd4 Nf6 5. Nc3 Qb6 6. Nb3 Bb4 7. Bd3 Bxc3+ 8.
bxc3 Qc7 9. O-O b6 10. Qe2 Qxc3 11. Bd2 Qc7 12. e5 Nd5 13. c4 Ne7 14. Bb4 Bb7
15. Bd6 Qd8 16. Qg4 Ng6 17. g3 Nc6 18. Rae1 f5 19. Qh5 Nce7 20. Nd4 a6 21. Bxe7
Qxe7 22. Bxf5 Qf7 23. Bxg6 Qxg6 24. Qxg6+ hxg6 25. Rb1 b5 26. cxb5 axb5 27.
Nxb5 Ke7 28. Nc3 1/2-1/2

[Event "SweCh Jun"]
[Site "Umeå, Sweden"]
[Date "2003.07.03"]
[Round "5"]
[White "Ong, Kezli"]
[Black "Andersson, Fredrik"]
[Result "1/2-1/2"]
[WhiteElo "2241"]
[BlackElo "2282"]
[PlyCount "44"]
[EventDate "2003.06.29"]
[SourceDate "2003.06.29"]

1. e4 c6 2. d4 d5 3. Nd2 dxe4 4. Nxe4 Bf5 5. Ng3 Bg6 6. h4 h6 7. Nf3 Nd7 8. h5
Bh7 9. Bd3 Bxd3 10. Qxd3 e6 11. Bd2 Ngf6 12. O-O-O Be7 13. Qe2 O-O 14. Ne5 c5
15. Nxd7 Qxd7 16. dxc5 Qd5 17. Kb1 Qxc5 18. Bc3 Rfd8 19. a3 Qb6 20. Ka1 Rac8
21. Rxd8+ Rxd8 22. Ne4 Nxe4 1/2-1/2